00803nam a2200229Ia 4500003000900000008004100009020001800050040001600068080001900084245009600103260003600199300001000235650003400245650004100279650003700320700002900357700003000386700003300416942000700449999001500456952010200471IN-BaIIA211028s9999 xx 000 0 eng d a0-8243-0916-2 cIIA Library a(05)52bANN-16 0aAnnual review of astronomy and astrophysicsbvol. 16cedited by Geoffrey Burbidge..[et al.] aPalo AltobAnnual Reviewsc1978 a652p. aAstronomy - Peridicals910632 aAstronomy and Astrophysics Thesaurus aAstrophysics - Periodicals94088 aBurbidge, Geoffrey., ed. aLayzer, David., ed.94091 aPhillips, John G., ed.95230 cBK c6152d6152 00104070aBANbBANcGENd1979-04-07l0o(05)52/ ANN-16p6864r2021-11-05w1979-04-07yBK 17.00